| Tag |
First Indicator |
Second Indicator |
Subfields |
| LEADER |
00000cam a22000001 4500 |
| 001 |
in00000056273 |
| 005 |
20151008052420.0 |
| 008 |
731212s1966 njua b 00000 eng |
| 010 |
|
|
|a 66021836
|
| 035 |
|
|
|a (OCoLC)00250748
|
| 035 |
|
|
|9 AAH3229AM
|
| 040 |
|
|
|a DLC
|c DLC
|d TXA
|d UtOrBLW
|
| 049 |
|
|
|a TXAM
|c [467794]
|
| 050 |
0 |
0 |
|a HG4651
|b .M35
|
| 082 |
0 |
|
|a 332.6323
|
| 092 |
|
|
|a 332.6323
|b M251t
|
| 100 |
1 |
|
|a Malkiel, Burton Gordon.
|
| 245 |
1 |
4 |
|a The term structure of interest rates: expectations and behavior patterns.
|
| 264 |
|
1 |
|a Princeton, N.J. :
|b Princeton University Press,
|c 1966.
|
| 300 |
|
|
|a xx, 271 pages :
|b illustrations ;
|c 24 cm.
|
| 336 |
|
|
|a text
|b txt
|2 rdacontent
|
| 337 |
|
|
|a unmediated
|b n
|2 rdamedia
|
| 338 |
|
|
|a volume
|b nc
|2 rdacarrier
|
| 500 |
|
|
|a A revised and expanded version of part 1 of the author's doctoral dissertation, Problems in the structure of financial markets, submitted to Princeton University, 1964.
|
| 504 |
|
|
|a Bibliography: pages 253-260.
|
| 650 |
|
0 |
|a Bonds.
|
| 650 |
|
0 |
|a Interest.
|
| 999 |
|
|
|a MARS
|
| 999 |
f |
f |
|s ab4db05e-31d5-3ba6-ac57-e289d15a1150
|i 6ae7d11f-5213-371c-9810-84f45e56c9b3
|t 0
|
| 952 |
f |
f |
|p ric
|a Texas A&M University
|b Rellis Campus
|c Joint Library Facility
|d Remote Storage
|t 0
|e HG4651 .M35
|h Library of Congress classification
|i unmediated -- volume
|m A14800736496
|
| 998 |
f |
f |
|a HG4651 .M35
|t 0
|l Remote Storage
|